BCOM: Business Communication (Record no. 12570)

MARC details
000 -LEADER
fixed length control field 00445nam a22001817a 4500
003 - CONTROL NUMBER IDENTIFIER
control field OSt
008 - FIXED-LENGTH DATA ELEMENTS--GENERAL INFORMATION
fixed length control field 240427b |||||||| |||| 00| 0 eng d
020 ## - INTERNATIONAL STANDARD BOOK NUMBER
International Standard Book Number 9789355730817
082 ## - DEWEY DECIMAL CLASSIFICATION NUMBER
Classification number 658.45 LEB
100 ## - MAIN ENTRY--PERSONAL NAME
Personal name LEHMAN, Carol M. and DUFRENE, Debbie d.
245 ## - TITLE STATEMENT
Title BCOM: Business Communication
250 ## - EDITION STATEMENT
Edition statement 10th. ED.
260 ## - PUBLICATION, DISTRIBUTION, ETC. (IMPRINT)
Place of publication, distribution, etc Delhi,
Name of publisher, distributor, etc Cengage,
Date of publication, distribution, etc 2018
300 ## - PHYSICAL DESCRIPTION
Extent 327 p.
650 ## - SUBJECT ADDED ENTRY--TOPICAL TERM
Topical term or geographic name as entry element MCA
700 ## - ADDED ENTRY--PERSONAL NAME
Personal name WALKER, Robyn
942 ## - ADDED ENTRY ELEMENTS (KOHA)
Source of classification or shelving scheme Dewey Decimal Classification
Koha item type Text Books
Holdings
Withdrawn status Lost status Source of classification or shelving scheme Damaged status Not for loan Collection code Home library Current library Date acquired Source of acquisition Currency Cost, normal purchase price Bill Number Total Checkouts Full call number Acc. no. / Barcode Date last seen Actual Cost, discounted price Bill Date Koha item type
    Dewey Decimal Classification     MCA PIET C-LIBRARY PIET C-LIBRARY 27/03/2024 Zafaa Books & Distributors In Rupees 899.00 ZBD0460   658.45 LEB 36602 27/04/2024 647.28 27/03/2024 Reference Books
    Dewey Decimal Classification     MCA PIET C-LIBRARY PIET C-LIBRARY 27/03/2024 Zafaa Books & Distributors In Rupees 899.00 ZBD0460   658.45 LEB 36603 27/04/2024 647.28 27/03/2024 Text Books
    Dewey Decimal Classification     MCA PIET C-LIBRARY PIET C-LIBRARY 27/03/2024 Zafaa Books & Distributors In Rupees 899.00 ZBD0460   658.45 LEB 36604 27/04/2024 647.28 27/03/2024 Text Books
    Dewey Decimal Classification     MCA PIET C-LIBRARY PIET C-LIBRARY 27/03/2024 Zafaa Books & Distributors In Rupees 899.00 ZBD0460   658.45 LEB 36605 27/04/2024 647.28 27/03/2024 Text Books
    Dewey Decimal Classification     MCA PIET C-LIBRARY PIET C-LIBRARY 27/03/2024 Zafaa Books & Distributors In Rupees 899.00 ZBD0460   658.45 LEB 36606 27/04/2024 647.28 27/03/2024 Text Books
    Dewey Decimal Classification     MCA PIET C-LIBRARY PIET C-LIBRARY 27/03/2024 Zafaa Books & Distributors In Rupees 899.00 ZBD0460   658.45 LEB 36607 27/04/2024 647.28 27/03/2024 Text Books
    Dewey Decimal Classification     MCA PIET C-LIBRARY PIET C-LIBRARY 27/03/2024 Zafaa Books & Distributors In Rupees 899.00 ZBD0460   658.45 LEB 36608 27/04/2024 647.28 27/03/2024 Text Books
    Dewey Decimal Classification     MCA PIET C-LIBRARY PIET C-LIBRARY 27/03/2024 Zafaa Books & Distributors In Rupees 899.00 ZBD0460   658.45 LEB 36609 27/04/2024 647.28 27/03/2024 Text Books
    Dewey Decimal Classification     MCA PIET C-LIBRARY PIET C-LIBRARY 27/03/2024 Zafaa Books & Distributors In Rupees 899.00 ZBD0460   658.45 LEB 36610 27/04/2024 647.28 27/03/2024 Text Books
    Dewey Decimal Classification     MCA PIET C-LIBRARY PIET C-LIBRARY 27/03/2024 Zafaa Books & Distributors In Rupees 899.00 ZBD0460   658.45 LEB 36611 27/04/2024 647.28 27/03/2024 Text Books

Design & Developed by: PIET Central Library
R70 Miles Stone Pattikalyana Samalkha Panipat 132102
mail ID :- [email protected], Phone No:- 0180-2569700 Ex.216